Music Quiz

Random Music or Billboard Quiz

Billboard Top 50 R&B/Hip-Hop Artists Quiz Stats

 Plays Quiz not verified by Sporcle

Score 0/50 Timer 09:00
0 Plays Today
Rank Artist % Correct
38Eminem
74.5%
8Jay-Z
73.5%
192Pac
69.8%
21Lil Wayne
59.8%
46Kanye West
57.5%
15Beyonce
53.4%
2850 Cent
50.7%
37Snoop Dogg
47%
6Usher
44.2%
13Michael Jackson
40.2%
4Mariah Carey
39.8%
45Chris Brown
39.5%
20T.I.
38.2%
39Nelly
36.9%
1R. Kelly
36.1%
3Whitney Houston
35.2%
5Janet Jackson
34.6%
42Destiny's Child
32.1%
16LL Cool J
32%
14Ludacris
30.4%
25TLC
29.7%
10Alicia Keys
29.7%
2Mary J. Blige
29%
9Freddie Jackson
26.2%
36Bobby Brown
25%
Rank Artist % Correct
27Aaliyah
23.7%
17Boyz II Men
23%
47Brandy
22.9%
24Monica
22.5%
11Prince
21.9%
41Ne-Yo
21.7%
49En Vogue
19.4%
26Stevie Wonder
18.9%
18Toni Braxton
18.7%
23New Edition
16.5%
29Keyshia Cole
16.1%
7Luther Vandross
15.7%
48Joe
14.7%
30Jodeci
13.5%
12Keith Sweat
13.2%
44Maxwell
11.9%
43Patti LaBelle
11.6%
22Anita Baker
11.2%
33Kenny Edmonds
10.9%
34Sade
10.8%
50Tevin Campbell
9.6%
32Gerald Levert
9.5%
35Tony Toni Tone
9.2%
31Levert
8.9%
40Musiq Soulchild
7.6%

You're not logged in!

Compare scores with friends on all Sporcle quizzes.
OR
Log In

Show Comments

Extras

Top Quizzes Today


Score Distribution

Your Account Isn't Verified!

In order to create a playlist on Sporcle, you need to verify the email address you used during registration. Go to your Sporcle Settings to finish the process.

Report this User

Report this user for behavior that violates our Community Guidelines.

Details: